000 00964nam2a2200253 4500
001 RU\NLR\bibl\3982
005 20250615004846.0
010 _a5-300-01437-0
021 _aRU
_b98-2879
_9142
035 _a(NLR Aleph) 000003856
090 _a9189
_c9189
100 _a19980723g1997 |||y0rusy50 ca
101 1 _arus
_cfre
102 _aRU
105 _a|||||||||||||
200 1 _aВокруг света в восемьдесят дней
_aЖангада
_e[Романы
_fПер. Н. Габинского, Е. Шишмаревой]
210 _d1997
_aБ. м.
215 _a367 с.
461 0 _1001RU\NLR\bibl\5945
_12001#$aСобрание сочинений$vТ. 7
_916700
_aВерн, Ж. (1828-1905)
_cМ.
_d1997
_fЖюль Верн
_nТерра
_oВ 20 т. : [Пер. с фр.]
_tСобрание сочинений
_y5-300-01303-Х
_vТ. 7
801 0 _aRU
_bNLR
_c19980723
_gPSBO
801 1 _aRU
_bNLR
_c19980723
852 _aNLR
_j97-3/11460
942 _cBOOK
980 _aNB